000
00281nam a22001217a 4500
005
20250901165805.0
008
250320b |||||||| |||| 00| 0 eng d
050
_a
PR 9387.9 .G58 2014
245
_a
HILA
_c
GITAA MORAA
260
_b
STORY MOJA
_c
2017
300
_a
160 P
942
_2
lcc
999
_c
9275
_d
9275